| 000 | 02964cam a2200457 i 4500 | ||
|---|---|---|---|
| 005 | 20260322212053.0 | ||
| 008 | data | ||
| 010 | _a 2018038157 | ||
| 020 |
_a9780399179228 _q(hardcover) |
||
| 020 |
_a0399179224 _q(hardcover) |
||
| 020 |
_a9780399179235 _q(electronic publication) |
||
| 020 |
_a9780525631842 _q(large print) |
||
| 020 |
_a0525631844 _q(large print) |
||
| 020 | _a9780525540199 | ||
| 024 | 8 | _a40028679151 | |
| 040 |
_aDLC _beng _erda _cDLC _dPUL _dDAD _dNLN _dJBU _dOCJ _dJTH _dRB0 _dVP@ _dILC _dJQM _dZGR _dTXJDC _dIUK _dYDX _dNDS _dBDX _dSSH _dABJ _dGK8 _dOCLCF _dFN4 _dFLWMD _dQX9 _dTXLAK _dCNWPU _dAP8 _dOCLCQ _dNDS _dPUL |
||
| 042 | _apcc | ||
| 043 | _an-us-nj | ||
| 050 | 0 | 0 |
_aPS3555.V2126 _bL66 2018 |
| 084 |
_aFIC016000 _aFIC016000 _2bisacsh |
||
| 099 | _aEVANO J | ||
| 100 | 1 |
_aEvanovich, Janet, _eauthor. _0http://id.loc.gov/authorities/names/n93124340 |
|
| 245 | 1 | 0 |
_aLook alive twenty-five : _ba Stephanie Plum novel / _cJanet Evanovich. |
| 246 | 3 | _aLook alive 25 | |
| 264 | 1 |
_aNew York : _bG.P. Putnam's Sons, an imprint of Penguin Random House LLC, _c[2018] |
|
| 300 |
_a311 pages ; _c25 cm. |
||
| 336 |
_atext _btxt _2rdacontent |
||
| 337 |
_aunmediated _bn _2rdamedia |
||
| 338 |
_avolume _bnc _2rdacarrier |
||
| 490 | 1 |
_aA Stephanie Plum Novel ; _vbk. 25 |
|
| 520 | _a"Nothing's more Jersey than a good delicatessen. And if you're visiting Trenton, you can't do better than the Red River Deli. The coleslaw's edible and the oil in the deep fryer gets changed-eventually. It's a tribute to quality management, but that's now in jeopardy because the last three managers have vanished. The only clue to each disappearance is one shoe left behind. Stephanie Plum, Jersey girl and bounty hunter extraordinaire, is stepping into the manager's shoes ... well, shoe. The hottest detective on the force, Stephanie's boyfriend, Joe Morelli, is running down clues, and the always mysterious Ranger is sticking to Stephanie like pork roll to an egg sandwich. If Stephanie intends to avoid disappearing and hold on to 100 percent of her footwear, she has to do more than man the potato salad -- she needs to find out who took the previous victims. Each disappearance leads to more questions, but with Stephanie and Lula running the deli, the most pressing question remains, How many "I"s in salmonella?"--Front jacket flap. | ||
| 600 | 1 | 0 |
_aPlum, Stephanie _c(Fictitious character) _vFiction. |
| 650 | 0 |
_aWomen bounty hunters _vFiction. _0http://id.loc.gov/authorities/subjects/sh2010118792 |
|
| 650 | 0 |
_aMissing persons _xInvestigation _vFiction. _0http://id.loc.gov/authorities/subjects/sh2010102093 |
|
| 650 | 0 |
_aDelicatessens _vFiction. |
|
| 650 | 7 |
_aFICTION _xWomen Sleuths. _xWomen Sleuths. _2bisacsh |
|
| 650 | 7 |
_aFICTION _xHumorous. _2bisacsh |
|
| 651 | 0 |
_aNew Jersey _vFiction. _0http://id.loc.gov/authorities/subjects/sh2008116307 |
|
| 800 | 1 |
_aEvanovich, Janet. _tStephanie Plum novel ; _v25. _0http://id.loc.gov/authorities/names/no2011131222 |
|
| 001 | data | ||
| 999 |
_c1258 _d1258 |
||